000 00257nam a22000977a 4500
999 _c16217
_d16217
003 OSt
008 200624b ||||| |||| 00| 0 eng d
100 _aC.C Ouseph
_94620
245 _aText book of physics for the pre-professional course (practical)
942 _cBK